00946nam a2200229 a 450000100100000000500170001000800410002702000150006804000250008308200200010810000440012824500530017226000680022530000210029359000750031465000360038965000370042591000370046204900090049995201910050899900170069900003484120200930073933.0111020s1974 pr 000 p spa d a8439927959 aDO-SdBNPbspacBNPHU aPR861.44bM433e1 aMatos Paoli, Franciscod1915-20009917313aEl engaño a los ojos /cFrancisco Matos Paoli. aSan Juan, Puerto Rico :bEdiciones Juan Ponce de León,c1974. a158 p. ;c22 cm. aPerteneció a la biblioteca personal de Juan Isidro Jimenes Grullón 4aPoesía puertorriqueña91015 4aLiteratura puertorriqueña9250 aValidado. Control de calidad MFF aBNGR 001050718MOaGRbGRcHDd2011-10-20iLF1l0oPR861.44 M433ep34841-10r2020-06-25w2020-06-25y1zPerteneció a la biblioteca personal de Juan Isidro Jimenes -GrullónZNo se presta c34332d34332